Russian Literature Quiz Stats

 Plays Quiz Updated Apr 22, 2019

Score 0/15 Timer 08:00
12 Plays Today
Title Author % Correct
War and PeaceLeo Tolstoy
94.9%
Crime and PunishmentFeodor Dostoyevsky
82.8%
LolitaVladimir Nabokov
69.4%
The Cherry OrchardAnton Chekhov
64.2%
Eugene OneginAleksandr Pushkin
58.9%
The Government InspectorNikolai Gogol
49.7%
Doctor ZhivagoBoris Pasternak
49.3%
Fathers and SonsIvan Turgenev
42.7%
Title Author % Correct
The Gulag ArchipelagoAleksandr Solzhenitsyn
38.2%
The Master and MargaritaMikhail Bulgakov
33.2%
The Lower DepthsMaxim Gorky
31.6%
The TwelveAleksandr Blok
18.8%
And Quiet Flows the DonMikhail Sholokhov
18.4%
RequiemAnna Akhmatova
11.7%
Babi YarYevgeny Yevtushenko
11.1%

You're not logged in!

Compare scores with friends on all Sporcle quizzes.
OR
Log In

Sporcle TV

Today on Sporcle TV


Watch our educational content, quiz creation guides, and fun videos on Sporcle TV.

Show Comments

Extras

Top Quizzes Today


Score Distribution

Your Account Isn't Verified!

In order to create a playlist on Sporcle, you need to verify the email address you used during registration. Go to your Sporcle Settings to finish the process.

Report this User

Report this user for behavior that violates our Community Guidelines.

Details: